书目信息 |
| 题名: |
爱的四部曲
|
|
| 作者: | 刘希亮 著 | |
| 分册: | ||
| 出版信息: | 北京 京华出版社 1999.10 |
|
| 页数: | 384页 | |
| 开本: | 32开 | |
| 丛书名: | ||
| 单 册: | ||
| 中图分类: | G631.06 | |
| 科图分类: | ||
| 主题词: | 爱的教育--普及读物 | |
| 电子资源: | ||
| ISBN: | 7-80600-389-4 | |
| 000 | 00529nam0 2200193 45 | |
| 001 | 0109251519 | |
| 005 | 20031219104050.7 | |
| 010 | @a7-80600-389-4@dCNY15.00 | |
| 100 | @a20010925d1999 km y0chiy0120 ea | |
| 101 | 0 | @achi |
| 105 | @a z 000yy | |
| 200 | 1 | @a爱的四部曲@AAi De Si Bu Qu@f刘希亮著@FLiu Xi Liang Zhu |
| 210 | @a北京@c京华出版社@d1999.10 | |
| 215 | @a384页@d32开 | |
| 606 | 0 | @a爱的教育@x普及读物 |
| 690 | @aG631.06@v4 | |
| 701 | @a刘希亮@4著 | |
| 801 | @aCN@bTSTC@c20010925 | |
| 905 | @f5@b298761-765@dG631.06@e49 | |
| 爱的四部曲/刘希亮著.-北京:京华出版社,1999.10 |
| 384页;32开 |
| ISBN 7-80600-389-4:CNY15.00 |
| ● |
| 相关链接 |
|
|
|
|
正题名:爱的四部曲
索取号:G631.06/49
 
预约/预借
| 序号 | 登录号 | 条形码 | 馆藏地/架位号 | 状态 | 备注 |
| 1 | 0298761 | 202987615 | 第四借阅区/ [索取号:G631.06/49] | 在馆 | |
| 2 | 0298762 | 202987624 | 第四借阅区/ [索取号:G631.06/49] | 在馆 | |
| 3 | 0298763 | 202987633 | 第四借阅区/ [索取号:G631.06/49] | 在馆 | |
| 4 | 0298764 | 202987642 | 第四借阅区/ [索取号:G631.06/49] | 在馆 | |
| 5 | 0298765 | 202987651 | 第一样本阅览室/ [索取号:G631.06/49] | 在馆 |